SPEECH, LANGUAGE & COMMUNICATION (Record no. 17428)
[ view plain ]
| 000 -LEADER | |
|---|---|
| fixed length control field | 00258nam a22001217a 4500 |
| 003 - CONTROL NUMBER IDENTIFIER | |
| control field | SGT |
| 082 ## - DEWEY DECIMAL CLASSIFICATION NUMBER | |
| Classification number | 370 |
| Item number | RAM |
| 100 ## - MAIN ENTRY--PERSONAL NAME | |
| Personal name | RAMASWAMI, B. |
| 245 ## - TITLE STATEMENT | |
| Title | SPEECH, LANGUAGE & COMMUNICATION |
| 260 ## - PUBLICATION, DISTRIBUTION, ETC. (IMPRINT) | |
| Place of publication, distribution, etc | DELHI |
| Name of publisher, distributor, etc | RIP |
| Year of Publication | 2018 |
| 300 ## - PAGE DESCRIPTION | |
| No. of Pages | 292 |
| 942 ## - ADDED ENTRY ELEMENTS (KOHA) | |
| Source of classification or shelving scheme | Dewey Decimal Classification |
| Koha item type | Books |
| 942 ## - ADDED ENTRY ELEMENTS (KOHA) | |
| -- | 12 |
| Withdrawn status | Lost status | Source of classification or shelving scheme | Damaged status | Not for loan | Collection code | Home library | Current library | Date acquired | SGTU | Total Checkouts | Full call number | Accession No. (Barcode) | Date last seen | Date last borrowed | Bill Date | Koha item type |
|---|---|---|---|---|---|---|---|---|---|---|---|---|---|---|---|---|
| Dewey Decimal Classification | EDUCATION | SGT Engineering Library | SGT Engineering Library | 11/04/2019 | SGTU | 4 | 370 RAM | ED4177 | 18/04/2023 | 27/03/2023 | 11/04/2019 | Books | ||||
| Dewey Decimal Classification | EDUCATION | SGT Engineering Library | SGT Engineering Library | 11/04/2019 | SGTU | 1 | 370 RAM | ED4178 | 17/08/2021 | 13/08/2021 | 11/04/2019 | Books | ||||
| Dewey Decimal Classification | EDUCATION | SGT Engineering Library | SGT Engineering Library | 11/04/2019 | SGTU | 2 | 370 RAM | ED4179 | 20/08/2022 | 20/08/2022 | 11/04/2019 | Books | ||||
| Dewey Decimal Classification | EDUCATION | SGT Engineering Library | SGT Engineering Library | 11/04/2019 | SGTU | 3 | 370 RAM | ED4180 | 13/03/2026 | 13/03/2026 | 11/04/2019 | Books | ||||
| Dewey Decimal Classification | EDUCATION | SGT Engineering Library | SGT Engineering Library | 11/04/2019 | SGTU | 8 | 370 RAM | ED4181 | 29/09/2025 | 20/09/2025 | 11/04/2019 | Books |